Податковий облік (Запис № 338943)

МАРК-запис
000 -Лідер
fixed length control field 00626nam a22002417a 4500
003 - Ідентифікатор контрольного номера
control field UA-OsUOA
001 - Контрольний номер
control field 52843
007 - Фіксоване поле фізичного опису
fixed length control field ta
008 - Елементи даних фіксованої довжини – загальна інформація
fixed length control field 20080304b un ||||| |||| 00| 0 ukr d
090 ## - Локальний шифр розміщення
Класифікаційний індекс УДК 336.225.673(075.8)
Авторський знак (НП) Г96
040 ## - Джерело каталогізації
Агенція оригінальної каталогізації UA-OsUOA
Мова каталогізації ukr
Агенція, яка здійснювала перезапис UA-OsUOA
Агенція, яка здійснювала модифікацію UA-OsUOA
041 ## - Код мови
Код мови тексту/ звукової доріжки чи окремого заголовка (П) ukr
080 ## - Індекс Універсальної десяткової класифікації
Індекс Універсальної десяткової класифікації (УДК) (НП) 336.225.673(075.8)
020 ## - Міжнародний стандартний книжковий номер (ISBN)
Міжнародний стандартний книжковий номер (ISBN) (НП) 966-364-327-7
100 ## - Основне введення – ім’я особи
Ім’я особи (НП) Гусакова О. С.
245 ## - Відомості про назву
Назва (НП) Податковий облік
Решта назви (НП) Навчальний посібник
260 ## - Публікація, розповсюдження і т.п. (Вихідні дані)
Місце публікації, розповсюдження і т.п. (П) К.
Ім’я/ наймення видавництва, розповсюджувача і т.п. (П) ЦНЛ
Дата публікації, розповсюдження і т.п. (П) 2006
300 ## - Фізичний опис
Обсяг 360 с.
650 #7 - Додаткове предметне введення – тематичний термін
Тематичний термін чи географічна назва, як елемент введення (НП) 336 Фінанси
Джерело заголовка чи терміна UDC
942 ## - Додаткові елементи входу (Коха)
Тип елемента Koha Книги
955 ## - Код типу видання за змістом
Код типу видання за змістом (НП) Навчальні видання
Фонди
Стан вилучень Стан втрат Джерело класифікації або схеми стелажів Стан уражень Не для кредиту Постійне місце розташування Поточне розміщення Дата придбання Джерело придбання Вартість, звичайна ціна покупки Інвентарний номер Усього замовленно Повний номер виклику Штрих-код Дата останнього перегляду Ціна ефективна від Тип елемента Koha
    Universal Decimal Classification     АБ - Абонемент НБ АБ - Абонемент НБ 18/08/2008 104/2008 32.00 114722   336.225.673(075.8) Г96 114722 07/12/2021 04/03/2008 Книги
    Universal Decimal Classification     АБ - Абонемент НБ АБ - Абонемент НБ 18/08/2008 104/2008 32.00 114723   336.225.673(075.8) Г96 114723 07/12/2021 04/03/2008 Книги
    Universal Decimal Classification     АБ - Абонемент НБ АБ - Абонемент НБ 18/08/2008 104/2008 32.00 114724   336.225.673(075.8) Г96 114724 07/12/2021 04/03/2008 Книги
    Universal Decimal Classification     АБ - Абонемент НБ АБ - Абонемент НБ 18/08/2008 104/2008 32.00 114725   336.225.673(075.8) Г96 114725 07/12/2021 04/03/2008 Книги
    Universal Decimal Classification     АБ - Абонемент НБ АБ - Абонемент НБ 18/08/2008 104/2008 32.00 114726   336.225.673(075.8) Г96 114726 07/12/2021 04/03/2008 Книги
    Universal Decimal Classification     АБ - Абонемент НБ АБ - Абонемент НБ 18/08/2008 104/2008 32.00 114727   336.225.673(075.8) Г96 114727 07/12/2021 04/03/2008 Книги
    Universal Decimal Classification     АБ - Абонемент НБ АБ - Абонемент НБ 18/08/2008 104/2008 32.00 114728   336.225.673(075.8) Г96 114728 07/12/2021 04/03/2008 Книги
    Universal Decimal Classification     АБ - Абонемент НБ АБ - Абонемент НБ 18/08/2008 104/2008 32.00 114729   336.225.673(075.8) Г96 114729 07/12/2021 04/03/2008 Книги
    Universal Decimal Classification     АБ - Абонемент НБ АБ - Абонемент НБ 18/08/2008 104/2008 32.00 114730   336.225.673(075.8) Г96 114730 07/12/2021 04/03/2008 Книги
    Universal Decimal Classification     АБ - Абонемент НБ АБ - Абонемент НБ 18/08/2008 104/2008 32.00 114731   336.225.673(075.8) Г96 114731 07/12/2021 04/03/2008 Книги
    Universal Decimal Classification     ЧЗ - Читальна зала ЧЗ - Читальна зала 04/03/2008 23/2008 32.00 111936   336.225.673(075.8) Г96 111936 07/02/2022 04/03/2008 Книги